Introduction a l'etude de Saint Augustin
Gardado en:
| Autor Principal: | |
|---|---|
| Formato: | Libro |
| Idioma: | francés |
| Publicado: |
París
J. Vrin
1949
|
| Edición: | 3a. ed |
| Subjects: | |
| Tags: |
Engadir etiqueta
Sen Etiquetas, Sexa o primeiro en etiquetar este rexistro!
|
MARC
| LEADER | 00000nam a2200000 a 4500 | ||
|---|---|---|---|
| 001 | UCZ2668 | ||
| 003 | CL-VaPUC | ||
| 008 | 951005e19490000FR |||||||||||||||||fre|d | ||
| 082 | 0 | 4 | |a 189.2 |b GIL |2 21 |
| 100 | |a Gilson, Étienne |e autor |9 349171 | ||
| 245 | 1 | 0 | |a Introduction a l'etude de Saint Augustin |
| 250 | |a 3a. ed | ||
| 300 | |a 367 p | ||
| 942 | |c BK | ||
| 945 | |d 19951005 00:00:00 |a lriquelm | ||
| 260 | |a París |b J. Vrin |c 1949 | ||
| 600 | 0 | |a San Agustín de Hipona |x Teólogo y filósofo cristiano |9 311590 | |
| 650 | 0 | |a Filosofía medieval |9 256245 | |
| 650 | 0 | |a Filosofía cristiana |9 265980 | |
| 650 | 0 | |a Teología |9 258766 | |
| 650 | 7 | |a DOCTRINAS RELIGIOSAS |2 CL-VaPUC |9 337177 | |
| 650 | 0 | |a Escuelas filosóficas |9 266232 | |
| 583 | |a last modification |c 19951005 00:00:00 |k Rodrigo Vera | ||
| 999 | |c 239227 |d 239225 | ||
| 952 | |0 0 |1 0 |4 0 |6 189_200000000000000_GIL_1949 |7 0 |8 P |9 250194 |a BIBEDU |b BIBEDU |c BIBEDU_PB |d 2019-11-18 |i 1569848 |o 189.2 GIL 1949 |p 1569848 |r 2024-01-25 |w 2019-11-18 |y BK |k FIL | ||
| 952 | |0 0 |1 0 |4 0 |6 189_200000000000000_GIL_1949 |7 0 |8 P |9 250195 |a BIBEDU |b BIBEDU |c BIBEDU_PB |d 2019-11-18 |i 1585037 |o 189.2 GIL 1949 |p 1585037 |r 2024-01-25 |w 2019-11-18 |y BK |k FIL | ||